00811 2200217 4500001002100000005001700021008004100038035002400079082001000103090001800113100004500131245024100176260003600417300002400453650005200477850001500529980001300544985000600557999001500563999001500578YOGYA-0209000002615120090227024029.0 ind  0010-020900000026151 a368.4 a368.4bPerlR aINDONESIA. Undang-undang, peraturan, dsb aPeraturan Pemerintah RI Nomor 83 Tahun 2000 tentang perubahan atas Peraturan Pemerintah No. 14 tahun 1993 tentang penyelenggaraan program jaminan sosial tenaga kerja sebagaimana telah diubah dengan Peraturan Pemerintah No. 79 Tahun 1998 aJakartabBP. Cipta Jayac[2000] axiv, 281 hlmc22 cm aAsuransi sosial - Undang-undang, peraturan, dsb aYOPDYOG(B) a9-1-2007 a2 a06A0013783 a06A0013784